000 00638nam a2200217Ii 4500
003 JO-AjNU
008 230606s9999||||xx |||||||||||||| ||und||
020 _a817169-865-4
040 _aJO-AjNU
_beng
_erda
_cJO-AjNU
041 _aeng
050 1 4 _aLB1607 2009
100 3 _aSharma,V.K,
_eauthor
_9383
245 0 0 _aPrinciples and Methods Of Educational and Vocational Guidance
250 _a1 ed
264 3 1 _aNew Delhi:Commonwealth Publishers,2008
300 _a268P
336 _atext
_btxt
_2rdacontent
337 _aunmediated
_bn
_2rdamedia
338 _avolume
_bnc
_2rdacarrier
650 4 _aVocational guidance-Occupations
_9384
999 _aE203
_c203
_d203